| 000 | 01261nam a22002417a 4500 | ||
|---|---|---|---|
| 999 |
_c64672 _d64672 |
||
| 005 | 20240530110744.0 | ||
| 008 | 181118q2014 ua g b 000 0 ara d | ||
| 017 |
_a2014/23437 _bمصر. دار الكتب |
||
| 020 | _a9789772122431 | ||
| 040 |
_aEG-CaGPL _cEG-CaGPL |
||
| 082 | 0 | 4 |
_221 _a953.0711 / _bا د |
| 100 | 0 | _aالسيد حميدو عبدالمنعم | |
| 245 | 1 | 2 |
_aالدور السياسى والحضارى للمرتزقة والاسرى منذ قيام الخلافة الاموية فى الاندلس وحتى سقوط غرناطة : _b( 316 - 897 هـ ) ( 929 - 1492 م ) / _cالسيد حميدو عبدالمنعم |
| 260 |
_aالاسكندرية : _bمؤسسة شباب الجامعة ، _c2014. |
||
| 300 |
_a612 ص. ؛ _c24 سم. |
||
| 504 | _aيشتمل على ارجاعات ببليوجرافية | ||
| 650 | 0 | 7 |
_2qrmak _aالمرتزقة _xتاريخ _xالخلافة الاموية |
| 650 | 0 | 7 |
_2qrmak _aالمرتزقة _xالاحوال السياسية _xالخلافة الاموية |
| 650 | 0 | 7 |
_2qrmak _aالاسرى _xالاحوال السياسية _xالخلافة الاموية |
| 650 | 0 | 7 |
_2qrmak _aالاسرى _xتاريخ _xالخلافة الاموية |
| 942 |
_2ddc _cBK |
||